Catalogue of Greek sculptures /

Bibliographic Details
Corporate Author: Metropolitan Museum of Art (New York, N.Y.)
Other Authors: Richter, Gisela M. A. (Gisela Marie Augusta), 1882-1972
Format: Book
Language:English
Published: Cambridge : Published for the Museum by Harvard University Press, 1954.
Subjects:

MARC

Tag First Indicator Second Indicator Subfields
LEADER 00000cam a2200000 4500
001 in00001490921
005 20181201063229.0
008 790629s1954 mauaf bc 000 0 eng
010 |a a 54010056  
035 |a (OCoLC)05122695 
035 |9 AJJ3087AM 
040 |a DLC  |c WEL  |d OCL  |d TXA  |d UtOrBLW 
049 |a TXAM 
050 0 |a NB90  |b .N4 1954 
110 2 |a Metropolitan Museum of Art (New York, N.Y.) 
245 1 0 |a Catalogue of Greek sculptures /  |c [by] Gisela M. A. Richter. 
264 1 |a Cambridge :  |b Published for the Museum by Harvard University Press,  |c 1954. 
300 |a xviii, 123 pages :  |b illustrations, 164 plates. ;  |c 29 cm. 
336 |a text  |b txt  |2 rdacontent 
337 |a unmediated  |b n  |2 rdamedia 
338 |a volume  |b nc  |2 rdacarrier 
504 |a Includes bibliographic references. 
650 0 |a Sculpture, Greek  |z New York (State)  |z New York  |x Catalogs. 
700 1 |a Richter, Gisela M. A.  |q (Gisela Marie Augusta),  |d 1882-1972. 
948 |a c:jls 
999 |a MARS 
999 f f |s 37712079-11c6-3811-9001-27bd9dbaa8cc  |i 5ca92ad8-de1c-390d-8bf8-cff031b7f3ff  |t 0 
952 f f |p noncirc  |a Texas A&M University  |b College Station  |c Sterling C. Evans Library  |d Bodrum (located in Turkey)  |t 0  |e NB90 .N4 1954  |h Library of Congress classification  |i unmediated -- volume 
998 f f |a NB90 .N4 1954  |t 0  |l Bodrum (located in Turkey)